Najtrudniejszy quiz geograficzny! - Statystyki

Ogólne statystyki
  • Ten quiz został rozwiązany 126 razy
    104 od ostatniego zresetowania
  • Średni wynik to 10 z 18
Statystyki odpowiedzi
Wskazówka Odpowiedź % Poprawnych
Które państwa mają najwięcej sąsiadów lądowych Rosja
93%
Które państwa mają najwięcej sąsiadów lądowych Chiny
84%
Najmniejsze państwo świata Watykan
84%
Z iloma państwami graniczą wyżej wymienione 14
81%
Najdłuższa rzeka świata Nil
81%
Przez ile państw przepływa wyżej wymieniona rzeka 10
78%
Ocean z największa średnią temperaturą Ocean Indyjski
77%
Rzeka przepływająca przez największa liczbę państw Dunaj
70%
Państwo z największą liczbą wysp Szwecja
65%
Państwo z największa liczbą jezior Kanada
63%
Najgłębsze jezioro świata Bajkał
62%
Jedyna stolica, która graniczy z dwoma państwami Bratysława
50%
Państwo które posiada najdłuższy system jaskiń USA
45%
Która stolica jest uznawana za najwyżej położoną nad poziomem morza La Paz
43%
Te państwo zawiera miłość w swojej nazwie (po angielsku) Słowenia
17%
Jedyne morze bez wybrzeża Morze Sargassowe
16%
Miasto z najdłuższą nazwą na świecie (Cała pełna nazwa) Bangkok
13%
Miasto położone najdalej od wszystkich oceanów Urumczi
7%
Nie znaleziono quizów pasujących do podanych kryteriów
Rozkład punktacji
Procent ludzi z każdym wynikiem
Percentyl według liczby udzielonych odpowiedzi
Twoja historia wyników
Nie rozwiązałeś tego quizu od ostatniego zresetowania